日本都市地図クイズ - Statistics

General Stats
  • This quiz has been taken 834 times
  • The average score is 12 of 13
Answers on the Map
Answers color-coded by a green-red scale on the quiz's map according to % correct below.
 
Answer Stats
Answer % Correct
横浜市
95%
名古屋市
94%
神戸市
94%
札幌市
94%
さいたま市
94%
大阪市
93%
京都市
93%
広島市
93%
仙台市
93%
千葉市
92%
東京
91%
北九州市
90%
福岡市
89%
No matching quizzes found
Score Distribution
Percent of People with Each Score
Percentile by Number Answered
Your Score History
You have not taken this quiz